000 00467nam a2200169Ia 4500
999 _c19799
_d19799
003 OSt
005 20200609102731.0
008 190216s9999||||xx |||||||||||||| ||und||
040 _coclc
082 _a320
_bAGA/P
100 _aAgarwal, N N
_91724
245 0 _aPrinciples Of Political Science /
_cN N Agarwal
260 _bRamchand & Co,
_c1984.
300 _a182p
650 _aPolitical Science
942 _cBK
_2ddc
_h320
_iAGA/P
_k320
_mAGA/P